000 00284 a2200109 4500
001 51259
040 _cAnchieta - Pituba
240 1 0 _aFestival Artístico de Redação 2015
_l
245 1 0 _aFestival Artístico de Redação 2015
650 4 _aLínguas espanhola e portuguesa
942 _cMX
999 _c51259
_d51259